No intervención, autodeterminación y democracia en América Latina.

Salvato in:
Dettagli Bibliografici
Natura: Sconosciuto
Lingua:Spanish
Pubblicazione: México : Siglo Veintiuno Editores, S.A, 1983.
Serie:(Serie Sociología y Política)
Soggetti:
Tags: Aggiungi Tag
Nessun Tag, puoi essere il primo ad aggiungerne!!

MARC

LEADER 000000000a22000000004500
001 002097
020 |a 9682312345 
041 0 |a spa 
082 0 4 |a 329   |b N739n 
245 0 0 |a No intervención, autodeterminación y democracia en América Latina. 
260 1 |a México :   |b Siglo Veintiuno Editores, S.A,   |c 1983. 
300 |a 338 páginas 
490 1 |a (Serie Sociología y Política) 
650 4 |a INTERVENCION 
650 4 |a DERECHO INTERNACIONAL 
650 4 |a AMERICA LATINA 
650 4 |a POLITICA 
999 |c 8693  |d 8693 
942 |c BK  |h 329 N739n  |2 z